Gipuzkoako pintore erromantikoak = (Record no. 157054)

MARC details
000 -LEADER
campo de control de longitud fija 01389nam a22003015i 4500
001 - NÚMERO DE CONTROL
campo de control 157054
003 - IDENTIFICADOR DE NÚMERO DE CONTROL
campo de control ES-MaACL
005 - FECHA Y HORA DE LA ÚLTIMA TRANSACCIÓN
campo de control 20250905132048.0
008 - DATOS DE LONGITUD FIJA--INFORMACIÓN GENERAL
campo de control de longitud fija 210816s2013 sp 001 0dspa d
020 ## - NÚMERO INTERNACIONAL ESTÁNDAR DEL LIBRO
Número Internacional Estándar del Libro 978-84-7173-577-5
080 ## - NÚMERO DE LA CLASIFICACIÓN DECIMAL UNIVERSAL
Número de la Clasificación Decimal Universal 75.035(460.154)(083.824)
245 00 - MENCIÓN DEL TÍTULO
Título Gipuzkoako pintore erromantikoak =
Resto del título Pintores románticos guipuzcoanos : [(exposición), del 31 de mayo al 18 de agosto de 2013 : Salas Kutxa Boulevard Aretoak, Donostia-San Sebastián /
Mención de responsabilidad, etc. komisariotza = comisariado, Montserrat Fornells Angelats ; testuak = textos, Xabier Iturbe Otaegi, Montserrat Fornells Angelats].
246 3# - FORMA VARIANTE DEL TITULO
Título propio/Titulo breve Pintores románticos guipuzcoanos
260 ## - PUBLICACIÓN, DISTRIBUCIÓN, ETC.
Lugar de publicación, distribución, etc. Donostia-San Sebastián :
Nombre del editor, distribuidor, etc. Kutxa Fundazioa = Fundación Kutxa,
Fecha de publicación, distribución, etc. [2013]
300 ## - DESCRIPCIÓN FÍSICA
Extensión 127 p. :
Otras características físicas il. col. y n. ;
Dimensiones 30 cm.
504 ## - NOTA DE BIBLIOGRAFÍA, ETC.
Nota de bibliografía, etc. Bibliografía: p. 125.
546 ## - NOTA DE IDIOMA
Nota de lengua/lenguaje Texto en vasco y castellano.
650 #4 - PUNTO DE ACCESO ADICIONAL DE MATERIA--TÉRMINO DE MATERIA
Término de materia o nombre geográfico como elemento de entrada Romanticismo (Arte)-
Subdivisión geográfica Guipúzcoa-
Subdivisión de forma Exposiciones.
9 (RLIN) 153542
650 #4 - PUNTO DE ACCESO ADICIONAL DE MATERIA--TÉRMINO DE MATERIA
Término de materia o nombre geográfico como elemento de entrada Pintura-
Subdivisión geográfica Guipúzcoa-
Subdivisión de forma Exposiciones.
9 (RLIN) 153543
655 #7 - TERMINO DE INDIZACIÓN--GENERO/FORMA
Fuente del término tgfbne
9 (RLIN) 193628
Datos o término principal de género/forma Catálogos de exposiciones
700 1# - ENTRADA AGREGADA--NOMBRE PERSONAL
Nombre de persona Fornells Angelats, Montserrat,
Fechas asociadas al nombre 1953-
9 (RLIN) 153544
700 1# - ENTRADA AGREGADA--NOMBRE PERSONAL
Nombre de persona Iturbe Otaegui, Xabier.
9 (RLIN) 153545
710 2# - ENTRADA AGREGADA--NOMBRE DE ENTIDAD CORPORATIVA
Nombre de entidad corporativa o nombre de jurisdicción como elemento de entrada Salas Kutxa Boulevard.
9 (RLIN) 153546
710 2# - ENTRADA AGREGADA--NOMBRE DE ENTIDAD CORPORATIVA
Nombre de entidad corporativa o nombre de jurisdicción como elemento de entrada Fundación Kutxa.
9 (RLIN) 4354
852 4# - LOCALIZACIÓN
Ubicación ES-MaACL
Número de control de estantería A-12866
itemnumber 182845
Sublocalización o colección R.149888
Ubicación en estantería Depósito 1
Signatura antigua Olim: N-5866
942 ## - ELEMENTOS DE ENTRADA SECUNDARIOS (KOHA)
Fuente del sistema de clasificación o colocación Clasificación decimal universal
Tipo de ítem Koha Libro impreso
Holdings
Estatus retirado Estado de pérdida Fuente del sistema de clasificación o colocación Estado de daño No para préstamo Biblioteca de origen Biblioteca actual Ubicación en estantería Fecha de adquisición Fuente de adquisición Total de préstamos Signatura topográfica completa Código de barras Visto por última vez Precio de reemplazo Tipo de ítem Koha
    Clasificación decimal universal     Biblioteca del Ateneo de Madrid Biblioteca del Ateneo de Madrid Depósito 1 16/08/2021 Donación   A-12866 1202624 23/02/2023 23/02/2023 Libro impreso